Consideraciones académicas respecto a la normativa contable resuelta por Resolución Nº 25 del Secretario de Hacienda de la Nación Argentina (Registro nro. 31404)

Detalles MARC
000 -LEADER
fixed length control field 00436 a2200109 4500
001 - CONTROL NUMBER
control field ART_30533
005 - DATE AND TIME OF LATEST TRANSACTION
control field 20260410162002.0
008 - FIXED-LENGTH DATA ELEMENTS--GENERAL INFORMATION
fixed length control field 260409a
100 1# - MAIN ENTRY--PERSONAL NAME
Personal name García Casella, Carlos Luis
245 10 - TITLE STATEMENT
Title Consideraciones académicas respecto a la normativa contable resuelta por Resolución Nº 25 del Secretario de Hacienda de la Nación Argentina
773 0# - HOST ITEM ENTRY
Title Foro económico
Related parts - Año II, Nº 2 (mar. 1996)
Record control number REV30369

No hay ítems disponibles.